00389nam a2200157Ia 45000010006000000050017000060080041000230410008000640820015000721000034000872450052001212600009001733000033001826500008002156540008002232333420260414150930.0260414t2012||||xx |||||||||||||| ||spa|| aESP a629.8bR47 aReyes Cortés, FernandoeAUT 0aMatlab :baplicado a robótica y mecatrónica c2012 axix, 438 páginas :c23 cm. aCNM aCCN